[Event "London Classic Open 2017"]
[Site "London ENG"]
[Date "2017.12.04"]
[Round "4.77"]
[White "Olson, Hamish"]
[Black "Foster, Timothy"]
[Result "1-0"]
[WhiteElo "2146"]
[BlackElo "1893"]
[WhiteFideId "2404257"]
[BlackFideId "423769"]
[EventDate "2017.12.02"]

1. d4 Nf6 2. Nf3 g6 3. Nbd2 Bg7 4. e4 d6 5. c3 O-O 6. Qc2 c5 7. dxc5 dxc5 8. Be2
Nc6 9. O-O Qc7 10. Re1 b6 11. a4 a6 12. Nc4 Bg4 13. Ne3 Bxf3 14. Bxf3 Ne5 15.
Be2 Rad8 16. f4 Nc6 17. e5 Nd5 18. Nxd5 Rxd5 19. Bxa6 e6 20. Bc4 Rd7 21. Qe4
Rfd8 22. Bb5 Rd1 23. Be3 Rxa1 24. Rxa1 Ne7 25. Re1 Nf5 26. Bc1 Rd5 27. Bc4 Rd7
28. Qa8+ Rd8 29. Qf3 h5 30. Rd1 Nh4 31. Qe2 Rxd1+ 32. Qxd1 Qc6 33. Qd8+ 1-0

[Event "London Classic Open 2017"]
[Site "London ENG"]
[Date "2017.12.04"]
[Round "4.78"]
[White "Iraqui, Youssef"]
[Black "Gayson, Peter M"]
[Result "0-1"]
[WhiteElo "1932"]
[BlackElo "2145"]
[WhiteFideId "9000666"]
[BlackFideId "401838"]
[EventDate "2017.12.02"]

1. e4 c5 2. Nf3 e6 3. b3 a6 4. Bb2 d5 5. exd5 exd5 6. Bd3 Nf6 7. O-O Be7 8. Re1
O-O 9. h3 Nc6 10. Qe2 b5 11. Ne5 Nxe5 12. Qxe5 Bd6 13. Qg5 d4 14. a4 h6 15. Qh4
b4 16. Be4 Nxe4 17. Qxe4 Rb8 18. d3 Bb7 19. Qe2 Qg5 20. Qg4 Rbe8 21. Rd1 Qe5 22.
f4 Qe3+ 23. Kf1 f5 24. Qh5 Qxf4+ 0-1

[Event "London Classic Open 2017"]
[Site "London ENG"]
[Date "2017.12.04"]
[Round "4.79"]
[White "Shepherd, Katherine M"]
[Black "Sedykh, Mikhail"]
[Result "0-1"]
[WhiteElo "1929"]
[BlackElo "2143"]
[WhiteFideId "412031"]
[BlackFideId "447498"]
[EventDate "2017.12.02"]

1. d4 Nf6 2. c4 c5 3. Nf3 cxd4 4. Nxd4 Nc6 5. Nc3 g6 6. e4 Bg7 7. Be3 Ng4 8.
Qxg4 Nxd4 9. Qd1 e5 10. Bd3 d6 11. Qd2 Be6 12. Bxd4 exd4 13. Ne2 Rc8 14. b3 O-O
15. O-O b5 16. cxb5 d5 17. Rac1 dxe4 18. Bxe4 Qh4 19. Qd3 f5 20. Rxc8 Rxc8 21.
Bc6 Qe7 22. Rc1 Qb4 23. g3 a6 24. Nf4 Bh6 25. Rd1 Bxf4 26. gxf4 axb5 27. Bxb5
Rc5 28. a4 Qa3 29. Qxd4 Rd5 30. Qa1 Qxb3 31. Re1 Qf3 32. Qf6 Bf7 33. Qg5 Rd1 34.
Rxd1 Qxd1+ 35. Kg2 Bd5+ 36. Kh3 Qf3+ 37. Qg3 Qh5+ 38. Qh4 Bg2+ 39. Kxg2 Qxh4 40.
a5 Qg4+ 41. Kf1 Qd1+ 42. Kg2 Qd5+ 0-1

[Event "London Classic Open 2017"]
[Site "London ENG"]
[Date "2017.12.04"]
[Round "4.80"]
[White "Obiamiwe, Paul"]
[Black "Paquico Rodriguez, Ivan"]
[Result "0-1"]
[WhiteElo "1910"]
[BlackElo "2137"]
[WhiteFideId "8500215"]
[BlackFideId "2256320"]
[EventDate "2017.12.02"]

1. Nf3 g6 2. c4 Bg7 3. Nc3 e5 4. d3 d6 5. g3 f5 6. Bg2 Nf6 7. Rb1 a5 8. O-O Nc6
9. Bg5 h6 10. Bd2 O-O 11. a3 Ne7 12. b4 axb4 13. axb4 Be6 14. Qc2 g5 15. Ne1 Rb8
16. Ra1 Ng6 17. Ra7 c6 18. b5 d5 19. Na4 dxc4 20. dxc4 Qd4 21. Be3 Qxc4 22. bxc6
bxc6 23. Nb6 Qxc2 24. Nxc2 Nd5 25. Nd7 Bxd7 26. Rxd7 Rb2 27. Rc1 Nc3 28. Kf1 Na2
29. Rcd1 Rxc2 30. R7d6 Ne7 31. Rd7 Nc3 32. Rc1 Rxc1+ 33. Bxc1 Ned5 34. Rd6 Rc8
35. Bd2 e4 36. h4 Nb5 37. Rd7 Ra8 38. Kg1 gxh4 39. gxh4 Ra1+ 40. Bf1 Nd4 41. Kg2
Nb3 42. Be3 f4 43. Ba7 f3+ 44. exf3 exf3+ 45. Kg1 Rd1 0-1

[Event "London Classic Open 2017"]
[Site "London ENG"]
[Date "2017.12.04"]
[Round "4.81"]
[White "Ongut, Tamas Gunes"]
[Black "Tombolis, Christopher"]
[Result "1-0"]
[WhiteElo "2119"]
[BlackElo "1799"]
[WhiteFideId "770280"]
[BlackFideId "433691"]
[EventDate "2017.12.02"]

1. e4 c5 2. Nf3 Nc6 3. Bb5 g6 4. O-O Bg7 5. Re1 e5 6. Bxc6 dxc6 7. d3 Qe7 8. a3
a5 9. Nbd2 b5 10. a4 Be6 11. c4 bxc4 12. dxc4 Bg4 13. h3 Bxf3 14. Nxf3 Nf6 15.
Bd2 Nd7 16. Bc3 O-O 17. Qd2 Nb6 18. b3 Rfd8 19. Qb2 f6 20. Rad1 Nd7 21. Qa3 Bf8
22. Rd2 Qe6 23. Red1 Be7 24. Qc1 Nf8 25. Qc2 Qc8 26. g4 Ne6 27. Kh2 Rxd2 28.
Qxd2 Qc7 29. Qd7 Qxd7 30. Rxd7 Kf8 31. g5 Nd4 32. gxf6 Bxf6 33. Bxd4 cxd4 34.
Rd6 Ke7 35. Rxc6 Rb8 36. Rc5 Rxb3 37. Nxe5 Bxe5+ 38. Rxe5+ Kf6 39. Rd5 d3 40.
Rxa5 Ra3 41. Rd5 Rxa4 42. Rxd3 Rxc4 43. f3 Rc2+ 44. Kg3 Rc1 45. Rd7 h5 46. h4
Rg1+ 47. Kf4 Ke6 48. Ra7 Rg2 49. Ra6+ Kf7 50. e5 Rg1 51. Ke4 Re1+ 52. Kd5 Rd1+
53. Kc5 Rd3 54. Rf6+ Kg7 55. Rf4 Rd8 56. e6 Rd1 57. e7 Rc1+ 58. Kd6 Rd1+ 59. Ke6
g5 60. Re4 gxh4 61. e8=Q h3 62. Qf7+ Kh6 63. Kf6 Rd6+ 64. Kf5 h2 65. Re6+ Rxe6
66. Qxe6+ Kh7 67. Qg6+ Kh8 68. Kf6 h1=Q 69. Qh6+ Kg8 70. Qg6+ Kh8 71. Qg7# 1-0

[Event "London Classic Open 2017"]
[Site "London ENG"]
[Date "2017.12.04"]
[Round "4.82"]
[White "Mulay, Partha"]
[Black "Voss, Gunther"]
[Result "0-1"]
[WhiteElo "1892"]
[BlackElo "2118"]
[WhiteFideId "436038"]
[BlackFideId "4683234"]
[EventDate "2017.12.02"]

1. e4 c5 2. Nc3 a6 3. Nge2 e6 4. g3 Nc6 5. Bg2 Nf6 6. O-O h5 7. h3 b5 8. e5 Ng8
9. d3 Qc7 10. f4 d6 11. d4 cxd4 12. Nxd4 Nxd4 13. Bxa8 d5 14. Be3 Nf5 15. Bf2
Bc5 16. Nxd5 exd5 17. Qxd5 Bxf2+ 18. Rxf2 Nge7 19. Qd3 O-O 20. Rd1 h4 21. g4 Ng3
22. Qd6 Qa7 23. Bg2 Ng6 24. Qd4 Qc7 25. a3 Re8 26. Qd6 Qxd6 27. exd6 Bd7 28. Kh2
f5 29. g5 Ne4 30. Bxe4 Rxe4 31. Rd3 Nxf4 32. Rc3 Ng6 33. Rc7 Ne5 34. Ra7 Re1 35.
Rxa6 g6 36. Ra8+ Kf7 37. Ra7 Ke6 38. Ra6 Bc6 39. Rxc6 Nxc6 40. Rd2 Ne5 41. Kg2
Rg1+ 42. Kf2 Rh1 43. Rd4 Rh2+ 44. Kf1 Rxc2 45. Rb4 Rc5 46. Rxh4 Rc4 47. Rh8 Kxd6
48. h4 Rc2 49. h5 gxh5 50. Rxh5 Ke6 51. Rh6+ Kd5 52. b4 Rc6 53. Rh8 Rg6 54. a4
bxa4 55. Ra8 Rxg5 56. Rxa4 Rg6 57. Ke2 Rb6 58. Ke3 Ke6 59. Kd4 Rxb4+ 60. Rxb4
Nc6+ 0-1

[Event "London Classic Open 2017"]
[Site "London ENG"]
[Date "2017.12.04"]
[Round "4.83"]
[White "Selkirk, Rebecca"]
[Black "Bates, Caspar J"]
[Result "0-1"]
[WhiteElo "1747"]
[BlackElo "2112"]
[WhiteFideId "14306514"]
[BlackFideId "414760"]
[EventDate "2017.12.02"]

1. e4 e5 2. Nf3 Nc6 3. Bc4 Nf6 4. d3 Bc5 5. c3 O-O 6. Bb3 d6 7. h3 Bb6 8. Bg5
Be6 9. Bc2 h6 10. Bh4 d5 11. exd5 Qxd5 12. O-O g5 13. Bg3 Rad8 14. Nbd2 Bf5 15.
Nc4 Bxd3 16. Nxb6 cxb6 17. Bxd3 Qxd3 18. Qxd3 Rxd3 19. Nxe5 Rd2 20. Nc4 Rc2 21.
Rac1 Rxc1 22. Rxc1 Re8 23. Kf1 Nh5 24. Rd1 f5 25. Rd6 f4 26. Rxh6 Kg7 27. Rxh5
Kg6 28. Nd6 Rf8 29. Bxf4 Kxh5 30. Bg3 Rd8 31. f3 Rd7 32. Ke2 Ne7 33. Ne4 Kg6 34.
Bf2 Nd5 35. Bd4 Nf4+ 36. Kf1 Ne6 37. Be3 Rd1+ 0-1

[Event "London Classic Open 2017"]
[Site "London ENG"]
[Date "2017.12.04"]
[Round "4.84"]
[White "Stoyanov, Viktor"]
[Black "Vishnu Prasanna, V"]
[Result "0-1"]
[BlackTitle "GM"]
[WhiteElo "1950"]
[BlackElo "2536"]
[WhiteFideId "450308"]
[BlackFideId "5030692"]
[EventDate "2017.12.02"]

1. d4 Nf6 2. Bf4 e6 3. Nf3 c5 4. e3 Nc6 5. Nbd2 d5 6. c3 Be7 7. Bd3 Nh5 8. Bg3
g6 9. Qe2 O-O 10. O-O Nxg3 11. hxg3 Qc7 12. Rac1 c4 13. Bc2 f5 14. b3 b5 15. a4
a6 16. Ra1 Bd7 17. Rfb1 Kg7 18. Qd1 g5 19. Nh2 Rab8 20. axb5 axb5 21. f4 h5 22.
bxc4 bxc4 23. Nhf3 g4 24. Nh2 Na7 25. Ba4 Nb5 26. Qc1 Rb7 27. Bxb5 Bxb5 28. Qb2
Rfb8 29. Qa2 Kf7 30. Nhf1 Ke8 31. Rb2 Bc6 32. Rab1 Rxb2 33. Rxb2 Ra8 34. Qb1 Qa7
35. Rb6 Kd7 36. Rb2 Kc7 37. Kf2 Qa5 38. Rc2 Ba4 39. Rb2 Bc6 40. Rc2 Ra7 41. Qc1
Rb7 42. Ke2 Bd6 43. Kf2 Rb5 44. Ke2 Qa6 45. Kf2 Ra5 46. Qb2 Be7 47. Qb1 Ra1 48.
Qb2 Ra5 49. Qb1 Qa8 50. Ke2 Ra1 51. Qb2 Ra6 52. Qb1 Ba4 53. Rb2 Bc6 54. Rc2 h4
55. gxh4 Bxh4 56. g3 Be7 57. Kf2 Ra1 58. Qb2 Qa3 59. Nb1 Qxb2 60. Rxb2 Ba3 61.
Nxa3 Rxa3 62. Rc2 Ba4 63. Rc1 Ra2+ 64. Ke1 Bc2 65. Nd2 Bd3 66. Kd1 Ra8 67. Nb1
Ra2 68. Nd2 Kb6 69. Ke1 Kb5 0-1

[Event "London Classic Open 2017"]
[Site "London ENG"]
[Date "2017.12.04"]
[Round "4.85"]
[White "Cordes, Hans-Joerg"]
[Black "Vachtfeidl, Petr"]
[Result "1/2-1/2"]
[WhiteTitle "FM"]
[WhiteElo "2227"]
[BlackElo "1934"]
[WhiteFideId "4602234"]
[BlackFideId "315028"]
[EventDate "2017.12.02"]

1. d4 Nf6 2. c4 g6 3. f3 d5 4. cxd5 Nxd5 5. e4 Nb6 6. Nc3 Bg7 7. Be3 O-O 8. Qd2
Nc6 9. O-O-O e5 10. d5 Nd4 11. f4 c5 12. fxe5 Bg4 13. Re1 Bxe5 14. Bg5 f6 15.
Bh6 Rf7 16. h3 Bd7 17. Nf3 Bg3 18. Rd1 1/2-1/2

[Event "London Classic Open 2017"]
[Site "London ENG"]
[Date "2017.12.04"]
[Round "4.86"]
[White "Caglar, Sila"]
[Black "Everett, Joe"]
[Result "1-0"]
[WhiteTitle "WFM"]
[WhiteElo "2167"]
[BlackElo "1922"]
[WhiteFideId "6364063"]
[BlackFideId "443204"]
[EventDate "2017.12.02"]

1. e4 e5 2. Nf3 Nc6 3. Bc4 Bc5 4. O-O Nf6 5. d3 h6 6. c3 Qe7 7. a4 a6 8. h3 O-O
9. Re1 d6 10. Bb3 Re8 11. Nbd2 Be6 12. Bc2 Qf8 13. Nf1 d5 14. d4 dxe4 15. Nxe5
Nxe5 16. dxe5 Rad8 17. Qe2 Nd5 18. Qxe4 g6 19. Ng3 f5 20. Qf3 Qg7 21. h4 Bc8 22.
h5 f4 23. Bxf4 g5 24. Be3 Nxe3 25. fxe3 Qxe5 26. Be4 Rf8 27. Qe2 Bb6 28. a5 Bxa5
29. Qc4+ Be6 30. Rxa5 b5 31. Qc6 Qf6 32. Rxa6 1-0

[Event "London Classic Open 2017"]
[Site "London ENG"]
[Date "2017.12.04"]
[Round "4.87"]
[White "Damianou, Ioannis"]
[Black "Coote, Trevor D"]
[Result "1-0"]
[WhiteElo "1907"]
[BlackElo "2104"]
[WhiteFideId "5902355"]
[BlackFideId "410039"]
[EventDate "2017.12.02"]

1. c4 Nf6 2. Nc3 d6 3. e4 g6 4. d4 Bg7 5. Be2 O-O 6. Be3 e5 7. d5 Na6 8. g4 Nc5
9. f3 a5 10. h4 h5 11. g5 Nfd7 12. Nh3 Re8 13. b3 Nf8 14. Nf2 Na6 15. Nd3 c5 16.
a3 Bd7 17. Nb5 Bxb5 18. cxb5 Nc7 19. Nb2 b6 20. b4 axb4 21. axb4 Nd7 22. Kf2 f6
23. Qd2 f5 24. Kg2 f4 25. Bf2 Bf8 26. Qc3 Be7 27. Qb3 Kg7 28. Na4 Rb8 29. Qc3
Kh7 30. Rhd1 Bf8 31. Nb2 Ra8 32. bxc5 dxc5 33. d6 Ne6 34. Nc4 Nd4 35. Rxa8 Qxa8
36. Ra1 Qb7 37. Bxd4 cxd4 38. Qa3 Nc5 39. Qa7 Rb8 40. Nxe5 Bxd6 41. Nc6 Qxa7 42.
Rxa7+ Rb7 43. Rxb7+ Nxb7 44. Nxd4 Nc5 45. Nc6 Nd7 46. Bc4 Kg7 47. Kf2 Kf8 48.
Ke2 Ke8 49. Kd3 Bc5 50. e5 Bf2 51. Ke4 Bg3 52. e6 Nc5+ 53. Ke5 Bxh4 54. Kf6 Bf2
55. e7 Nd7+ 56. Kxg6 Ne5+ 1-0

[Event "London Classic Open 2017"]
[Site "London ENG"]
[Date "2017.12.04"]
[Round "4.88"]
[White "Balaji, Aaravamudhan"]
[Black "Mitra, Roman C"]
[Result "0-1"]
[WhiteElo "1884"]
[BlackElo "2100"]
[WhiteFideId "436224"]
[BlackFideId "419540"]
[EventDate "2017.12.02"]

1. d4 d5 2. c4 e6 3. Nf3 Nf6 4. Nc3 c6 5. Bg5 Nbd7 6. e3 Be7 7. Be2 a6 8. O-O
dxc4 9. Bxc4 b5 10. Bd3 c5 11. b3 Bb7 12. Qe2 Qb6 13. a4 b4 14. a5 Qa7 15. Na4
h6 16. Bf4 cxd4 17. exd4 O-O 18. Rfd1 Rac8 19. Nb2 Nd5 20. Bd2 Nc3 21. Bxc3 Rxc3
22. Bc4 Bf6 23. Na4 Rxf3 24. gxf3 Bxd4 25. Rxd4 Qxd4 26. Rd1 Qf6 27. Rxd7 Bxf3
28. Qe3 Qf5 29. Kf1 Bc6 30. Rd6 Qb1+ 31. Ke2 Bxa4 32. Rxa6 Rd8 33. Qd3 Qa2+ 34.
Kf1 Rxd3 35. Ra8+ Kh7 36. Bxd3+ f5 37. bxa4 Qd5 0-1

[Event "London Classic Open 2017"]
[Site "London ENG"]
[Date "2017.12.04"]
[Round "4.89"]
[White "Hebbes, Tim"]
[Black "Phillips, Owen S"]
[Result "1-0"]
[WhiteElo "2097"]
[BlackElo "1912"]
[WhiteFideId "406570"]
[BlackFideId "417882"]
[EventDate "2017.12.02"]

1. Nf3 Nf6 2. g3 d5 3. Bg2 e6 4. O-O Be7 5. d3 Nbd7 6. Nbd2 O-O 7. c4 c6 8. b3
b6 9. Bb2 Bb7 10. Rc1 c5 11. e3 Re8 12. Qc2 Bf8 13. e4 d4 14. Nh4 e5 15. Bh3 Bc6
16. Ng2 g6 17. Rce1 Bg7 18. f4 a5 19. Bc1 Ra7 20. Nf3 exf4 21. gxf4 Qa8 22. a4
Nxe4 23. dxe4 Bxe4 24. Qd1 f5 25. Ng5 Nf6 26. Nh4 Rae7 27. Nhf3 Nh5 28. Bg2 Qb8
29. Nxe4 fxe4 30. Ng5 Nf6 31. f5 e3 32. Qd3 gxf5 33. Rxf5 Re5 34. Bd5+ Nxd5 35.
cxd5 Qc7 36. d6 Qd7 37. Qc4+ R5e6 38. Nxe6 Rxe6 39. Qd5 h6 40. Kh1 Kh7 41. Rg1
e2 42. Bd2 Rxd6 43. Rf7 Rxd5 44. Rgxg7+ Kh8 45. Rxd7 Rf5 46. Rge7 1-0

[Event "London Classic Open 2017"]
[Site "London ENG"]
[Date "2017.12.04"]
[Round "4.90"]
[White "Rushbrooke, Remy"]
[Black "Guo, Emma"]
[Result "0-1"]
[BlackTitle "WIM"]
[WhiteElo "1864"]
[BlackElo "2081"]
[WhiteFideId "443590"]
[BlackFideId "3200795"]
[EventDate "2017.12.02"]

1. e4 e5 2. Nf3 Nc6 3. Nc3 Nf6 4. d4 exd4 5. Nd5 Be7 6. Bc4 O-O 7. O-O d6 8.
Nxd4 Ne5 9. Bb3 Nxd5 10. Bxd5 Bf6 11. f3 c6 12. Bb3 c5 13. Nb5 c4 14. Ba4 a6 15.
Nxd6 Qb6+ 16. Kh1 Rd8 17. f4 Bg4 18. Qe1 Qxd6 19. fxe5 Bxe5 20. c3 Bxh2 21. Bg5
Bg3 22. e5 Qd3 23. Qc1 Qg6 24. Rf3 Qh5+ 25. Kg1 Qh2+ 0-1

[Event "London Classic Open 2017"]
[Site "London ENG"]
[Date "2017.12.04"]
[Round "4.91"]
[White "Siddharth, Sabharishankar"]
[Black "Coleman, David J"]
[Result "1/2-1/2"]
[BlackTitle "CM"]
[WhiteElo "1837"]
[BlackElo "2076"]
[WhiteFideId "25068563"]
[BlackFideId "402087"]
[EventDate "2017.12.02"]

1. e4 c5 2. Nf3 d6 3. d4 cxd4 4. Nxd4 Nf6 5. Nc3 a6 6. Be3 e6 7. Be2 Be7 8. O-O
O-O 9. a4 Nc6 10. f4 Qc7 11. Kh1 Bd7 12. Qe1 Nxd4 13. Bxd4 Bc6 14. Bd3 g6 15. h3
Rfe8 16. f5 gxf5 17. exf5 e5 18. Be3 Kh8 19. Bg5 Rg8 20. Bxf6+ Bxf6 21. Be4 Rg7
22. Rd1 Rag8 23. Nd5 Qd8 24. b3 Rg3 25. Qe2 Bxd5 26. Rxd5 Qb6 27. Bf3 Qb4 28.
Qc4 Qb6 29. Qe2 Qb4 1/2-1/2

[Event "London Classic Open 2017"]
[Site "London ENG"]
[Date "2017.12.04"]
[Round "4.92"]
[White "Seymour, Timothy P"]
[Black "Marcos Herrero, Francisco"]
[Result "1-0"]
[WhiteElo "2072"]
[BlackElo "1897"]
[WhiteFideId "412112"]
[BlackFideId "2279045"]
[EventDate "2017.12.02"]

1. c4 c5 2. g3 g6 3. Bg2 Bg7 4. Nc3 Nc6 5. a3 a6 6. e3 Nf6 7. Nge2 O-O 8. O-O
Rb8 9. d4 d6 10. b3 Na5 11. Bb2 b5 12. cxb5 axb5 13. b4 Nc4 14. Ra2 Nxb2 15.
Rxb2 cxd4 16. Nxd4 Bd7 17. Rc2 Qb6 18. Qe2 Rfc8 19. Rfc1 Rc4 20. Qd2 Rbc8 21.
Bf1 e5 22. Ndxb5 Bxb5 23. Nxb5 Ne4 24. Qd3 Rxc2 25. Rxc2 Rxc2 26. Qxc2 d5 27. a4
Ng5 28. a5 Qf6 29. Nc7 Nf3+ 30. Kh1 e4 31. Nxd5 Qa1 32. Qe2 Nd2 33. Kg2 Nf3 34.
a6 g5 35. b5 g4 36. b6 Qe5 37. b7 Qh5 38. b8=Q+ Bf8 39. Nf6+ 1-0

[Event "London Classic Open 2017"]
[Site "London ENG"]
[Date "2017.12.04"]
[Round "4.93"]
[White "Fink-Nunn, Petra"]
[Black "Newton, Andrew"]
[Result "1/2-1/2"]
[WhiteTitle "WFM"]
[WhiteElo "2071"]
[BlackElo "1886"]
[WhiteFideId "405809"]
[BlackFideId "2403285"]
[EventDate "2017.12.02"]

1. e4 e6 2. d4 d5 3. Nc3 Nf6 4. e5 Nfd7 5. f4 c5 6. Nf3 Nc6 7. Be3 Be7 8. Qd2
O-O 9. Nd1 b6 10. c3 Bb7 11. Bd3 cxd4 12. cxd4 Rc8 13. O-O Nb4 14. Bb1 Ba6 15.
Rf2 Nc6 16. Bd3 Bxd3 17. Qxd3 Na5 18. b3 Rc6 19. Rc2 Qc7 20. Rxc6 Nxc6 21. Rc1
Rc8 22. f5 Qd8 23. Bd2 Nb4 24. Rxc8 Qxc8 25. Bxb4 Bxb4 26. fxe6 fxe6 27. Ng5 Nf8
28. Qf3 Qc1 29. Qg4 Qd2 30. h4 Qe1+ 31. Kh2 Be7 32. Nxe6 Qxh4+ 33. Qxh4 Bxh4 34.
Nc7 Kf7 35. Nxd5 Ne6 36. g3 Bg5 37. Nf4 Nxd4 38. Kh3 Be7 39. Kg4 g5 40. Nd3 Ke6
41. N1f2 Nc6 42. Ne4 h6 43. Kh5 Bf8 44. Nf6 Ne7 45. Ne8 Kd7 46. Nf6+ Ke6 1/2-1/2

[Event "London Classic Open 2017"]
[Site "London ENG"]
[Date "2017.12.04"]
[Round "4.94"]
[White "Compton, Alistair"]
[Black "Sarvesh, Kumar A"]
[Result "1-0"]
[WhiteElo "2071"]
[BlackElo "1877"]
[WhiteFideId "4300645"]
[BlackFideId "35019236"]
[EventDate "2017.12.02"]

1. e4 e5 2. Nf3 Nc6 3. Nc3 Nf6 4. d4 exd4 5. Nxd4 Bb4 6. Nxc6 bxc6 7. Bd3 d5 8.
exd5 cxd5 9. O-O O-O 10. Bg5 c6 11. Qf3 Be7 12. Rae1 h6 13. Bxh6 gxh6 14. Qe3
Re8 15. Qxh6 Qd6 16. Re3 Ne4 17. Rg3+ Qxg3 18. hxg3 Nf6 19. Re1 Be6 20. Re5 Ne4
21. Bxe4 dxe4 22. Rh5 f6 23. Qg6+ 1-0

[Event "London Classic Open 2017"]
[Site "London ENG"]
[Date "2017.12.04"]
[Round "4.95"]
[White "De Lagontrie, Jean"]
[Black "Kalaiyalahan, Akshaya"]
[Result "0-1"]
[BlackTitle "FM"]
[WhiteElo "1823"]
[BlackElo "2067"]
[WhiteFideId "605271"]
[BlackFideId "422894"]
[EventDate "2017.12.02"]

1. d4 Nf6 2. c4 g6 3. Nc3 Bg7 4. e4 d6 5. f4 c5 6. d5 O-O 7. Nf3 e6 8. Be2 exd5
9. cxd5 Nbd7 10. O-O Re8 11. e5 dxe5 12. fxe5 Nxe5 13. Nxe5 Rxe5 14. Bf4 Re8 15.
Bf3 Bd7 16. Qd2 Bg4 17. Rad1 Bxf3 18. gxf3 Qd7 19. d6 Nh5 20. Nd5 Rab8 21. Ne7+
Kh8 22. Kh1 Bf6 23. Bg5 Bd4 24. Qf4 0-1

[Event "London Classic Open 2017"]
[Site "London ENG"]
[Date "2017.12.04"]
[Round "4.96"]
[White "Jyothilal, N."]
[Black "Sajjadi, Kimiya"]
[Result "1/2-1/2"]
[WhiteElo "2063"]
[BlackElo "1876"]
[WhiteFideId "5002605"]
[BlackFideId "1516434"]
[EventDate "2017.12.02"]

1. d4 Nf6 2. c4 e6 3. g3 d5 4. Bg2 Be7 5. Nf3 O-O 6. O-O dxc4 7. Qc2 b5 8. a4 b4
9. Nbd2 Bb7 10. Nxc4 c5 11. dxc5 Nbd7 12. c6 Bxc6 13. b3 Be4 14. Qd2 Nd5 15. Nd4
Bxg2 16. Kxg2 Bf6 17. Bb2 Nc5 18. Rad1 Rc8 19. Qc2 Qe7 20. e4 Nb6 21. e5 Qb7+
22. Nf3 Be7 23. Rd4 Rfd8 24. Rfd1 Nxc4 25. Rxc4 Rxd1 26. Qxd1 Rd8 27. Rd4 Rxd4
28. Bxd4 Qd5 29. Qc2 a5 30. Bxc5 Bxc5 31. g4 g6 32. Kg3 Kg7 33. Qc1 Be7 34. Qc7
Bd8 35. Qc2 h6 36. h3 Bb6 37. h4 1/2-1/2

[Event "London Classic Open 2017"]
[Site "London ENG"]
[Date "2017.12.04"]
[Round "4.97"]
[White "Jain, Gautam"]
[Black "Marentini, Marcel"]
[Result "1-0"]
[WhiteElo "1804"]
[BlackElo "2055"]
[WhiteFideId "425311"]
[BlackFideId "1318730"]
[EventDate "2017.12.02"]

1. e4 c5 2. Nc3 e6 3. Bc4 Nc6 4. d3 g6 5. f4 Bg7 6. Nf3 Nge7 7. O-O O-O 8. Bb3
a6 9. a4 Rb8 10. Qe1 Nd4 11. Nxd4 cxd4 12. f5 dxc3 13. f6 cxb2 14. Bxb2 Bh8 15.
Qh4 Nc6 16. Rf3 e5 17. Rh3 h5 18. Rf1 d5 19. Qg5 Bxh3 20. Bxd5 Kh7 21. Bc1 Bg7
22. fxg7 Qxg5 23. gxf8=N+ Rxf8 24. Bxg5 Bd7 25. Bxf7 Kg7 26. Bd5 Rxf1+ 27. Kxf1
Nd4 28. c3 Ne6 29. Bxe6 Bxe6 30. a5 Kf7 31. Ke2 Bd7 32. Ke3 Bb5 33. Bd8 Ke6 34.
Bc7 Be8 35. d4 exd4+ 36. cxd4 Bb5 37. d5+ Kd7 38. Bb6 Bf1 39. g3 Bg2 40. Kd4 Bh1
41. e5 Bg2 42. e6+ Kd6 43. Bc5+ Kc7 44. d6+ Kc6 45. d7 1-0

[Event "London Classic Open 2017"]
[Site "London ENG"]
[Date "2017.12.04"]
[Round "4.98"]
[White "Mugalu, Hassan"]
[Black "Barton, R Alan"]
[Result "0-1"]
[WhiteElo "1798"]
[BlackElo "2052"]
[WhiteFideId "451533"]
[BlackFideId "404233"]
[EventDate "2017.12.02"]

1. Nf3 d6 2. d4 Bg4 3. h3 Bxf3 4. gxf3 Nd7 5. Nc3 e6 6. Rg1 Ne7 7. e4 c6 8. Bc4
d5 9. Bb3 Ng6 10. f4 dxe4 11. Qe2 Nf6 12. Be3 Qc7 13. Qd2 O-O-O 14. O-O-O Nh4
15. Qe2 Nf5 16. Qc4 Bd6 17. Ne2 Nd5 18. Qa4 Kb8 19. Bxd5 cxd5 20. Kb1 Rc8 21.
Rc1 Qc4 22. Qxc4 Rxc4 23. b3 Rc6 24. c4 Bb4 25. Rc2 Rhc8 26. c5 b6 27. Kb2 bxc5
28. a3 cxd4 29. Rxc6 Rxc6 30. axb4 dxe3 31. fxe3 g6 32. h4 h5 33. Nd4 Nxd4 34.
exd4 a6 35. Ra1 Kb7 36. Ra5 Rb6 37. Kc3 Rb5 38. Ra1 Ka7 39. Ra2 Kb6 40. Ra4 a5
41. bxa5+ Rxa5 42. Rb4+ Kc7 43. Kb2 Ra7 44. Rb5 Kd7 45. Kc3 Ke7 46. Rc5 Kf6 47.
b4 Kf5 48. b5 Rb7 49. Kb4 Kxf4 50. Ka5 e3 51. Ka6 Rb8 52. Rc7 e2 53. Rxf7+ Kg3
54. Rf6 e1=Q 55. Rxg6+ Kxh4 56. Ka7 Rxb5 57. Rxe6 Qa5+ 58. Ra6 Qc7+ 59. Ka8 Qb7# 0-1

[Event "London Classic Open 2017"]
[Site "London ENG"]
[Date "2017.12.04"]
[Round "4.99"]
[White "Mc Aleenan, Charles"]
[Black "Peters, Stephen G"]
[Result "0-1"]
[WhiteElo "1762"]
[BlackElo "2050"]
[WhiteFideId "2461617"]
[BlackFideId "406040"]
[EventDate "2017.12.02"]

1. d4 d5 2. Nc3 Nf6 3. Bf4 c5 4. e3 cxd4 5. exd4 a6 6. h3 e6 7. Bd3 Nc6 8. Nge2
Nb4 9. O-O Be7 10. a3 Nxd3 11. Qxd3 O-O 12. Rfe1 b5 13. Qf3 Bd7 14. Ng3 a5 15.
Nh5 Nxh5 16. Qxh5 b4 17. axb4 g6 18. Qf3 Bxb4 19. Bh6 Re8 20. Qf4 f6 21. h4 Bc8
22. Rad1 Ra7 23. Qg3 Ree7 24. Bd2 Qe8 25. Qf4 Qf8 26. Nb5 Bxd2 27. Rxd2 Rad7 28.
Nc3 Rb7 29. Rde2 Rxb2 30. Nxd5 Rf7 31. Nc3 Rb4 32. Qd2 Qd8 33. d5 e5 34. Re4 Bb7
35. Rd1 Rd7 36. f3 Kg7 37. g4 Qb6+ 38. Qf2 Qc7 39. Qe3 Rb2 40. Rd2 Rb4 41. Kg2
Rc4 42. Nb5 Qc5 43. Qxc5 Rxc5 44. c4 Bxd5 45. cxd5 Rxb5 46. d6 Rb6 47. Ra4 Kf7
48. Rd5 Ke6 49. Raxa5 Rbxd6 50. Rxd6+ Rxd6 51. Ra7 Rd2+ 52. Kg3 f5 53. gxf5+
gxf5 54. Rxh7 f4+ 55. Kg4 Rg2+ 56. Kh3 Rg3+ 57. Kh2 Rxf3 58. Rh8 Rg3 59. h5 Kf5
60. h6 Ke4 61. h7 Rg7 0-1